Čaká nás rast, ktorý nevytvorí pracovné miesta
Medziročný pokles investícií, ktorý sa v stálych cenách prehĺbil na takmer 10 percent. Prognózy na najbližšie obdobie počítajú s tým, že hospodárske oživovanie bude pomalé. Na najbližšie štvrťroky to znamená rast, ktorý však nevytvorí pracovné miesta. Súvisí to s produktivitou práce. O niečo optimis...
Enregistré dans:
| Auteur principal: | |
|---|---|
| Format: | Chapitre de livre |
| Langue: | slovaque |
| Sujets: | |
| Tags: |
Pas de tags, Soyez le premier à ajouter un tag!
|
MARC
| LEADER | 00000naa a2200000 4500 | ||
|---|---|---|---|
| 001 | 0182005 | ||
| 005 | 20231113081311.6 | ||
| 041 | 0 | |a slo | |
| 044 | |a SK | ||
| 245 | 1 | 0 | |a Čaká nás rast, ktorý nevytvorí pracovné miesta |c Michal Lehuta |
| 520 | |a Medziročný pokles investícií, ktorý sa v stálych cenách prehĺbil na takmer 10 percent. Prognózy na najbližšie obdobie počítajú s tým, že hospodárske oživovanie bude pomalé. Na najbližšie štvrťroky to znamená rast, ktorý však nevytvorí pracovné miesta. Súvisí to s produktivitou práce. O niečo optimistickejší obraz budúcnosti vykresľujú t.zv. predstihové indikátory. Pokles celkovej inflácie. | ||
| 610 | 2 | 0 | |a makroekonomika |
| 610 | 2 | 0 | |a rast hospodársky |
| 610 | 2 | 0 | |a investície |
| 610 | 2 | 0 | |a spotreba domácností |
| 610 | 2 | 0 | |a inflácia |
| 610 | 2 | 0 | |a Slovensko |
| 100 | 1 | |a Lehuta, Michal | |